000 00647cam a2200217 4500500
005 20260329004342.0
041 _afre
042 _adc
100 1 0 _aEltchaninoff, Michel
_eauthor
245 0 0 _aJe ressens, donc je suis
260 _c2019.
500 _a89
690 _aClaire Marin
690 _aÉtienne Bimbenet
690 _aFrançois Cusset
690 _aFrançoise Dastur
690 _aGloria Origgi
690 _aManon Garcia
786 0 _nPhilosophie magazine | 132 | 9 | 2019-09-01 | p. 31-32 | 1951-1787
856 4 1 _uhttps://shs.cairn.info/magazine-philosophie-magazine-2019-9-page-31?lang=fr&redirect-ssocas=7080
999 _c1833074
_d1833074